000 00470nam a2200193 a 4500
001 1767009602592
003 ACL
005 20251229173209.0
008 251229s2009##################000#0#eng##
020 _a9780199574643
082 0 4 _a657
_bKAY
100 1 _aKay, Dale,
_eauthor.
245 1 0 _aSolicitors' Accounts 2009-2010 :
260 _bOxford University Press,
_c2009.
300 _a284 pages
650 0 _aLaw.
942 _cENGLISH
040 _aACL
_beng
_cACL
999 _c605896
_d605896